000 00373nam a2200121Ia 4500
008 220615s9999||||xx |||||||||||||| ||und||
245 0 _aAdvances in Vibration Analysis Research
546 _aEnglish[eng]
650 _aMechanical engineering
700 _aEbrahimi, Farzad
856 _uhttps://mts.intechopen.com/storage/books/111/authors_book/authors_book.pdf
942 _cEB
999 _c9054
_d9054